000 00497nam a2200193Ia 4500
005 20250423095646.0
008 250422s9999 xx 000 0 und d
020 _a9788123923321
050 _aQM 23.2 .C43/
100 _aChaurasia B D.
245 0 _aHuman anatomy: Regional and applied dissection and clinical
250 _a6th ed.
260 _aNew Delhi
260 _bCBS Publishers & Distributors
260 _c2014
300 _a311 p
650 _aHuman anatomy.
942 _cBK
999 _c30941
_d30941